Music Money and Success (Record no. 15802)
[ view plain ]
| 000 -LEADER | |
|---|---|
| fixed length control field | 00507nam a22001697a 4500 |
| 008 - FIXED-LENGTH DATA ELEMENTS--GENERAL INFORMATION | |
| fixed length control field | 160317b xxu||||| |||| 00| 0 eng d |
| 020 ## - INTERNATIONAL STANDARD BOOK NUMBER | |
| International Standard Book Number | 0825673696 |
| 100 ## - MAIN ENTRY--PERSONAL NAME | |
| Personal name | Brabec, Jeffrey |
| 245 ## - TITLE STATEMENT | |
| Title | Music Money and Success |
| Remainder of title | The insider's guide to making money in the music business |
| Statement of responsibility, etc. | By Jeffrey Brabec |
| 250 ## - EDITION STATEMENT | |
| Edition statement | 7th ed. |
| 260 ## - PUBLICATION, DISTRIBUTION, ETC. (IMPRINT) | |
| Place of publication, distribution, etc. | USA |
| Name of publisher, distributor, etc. | Schirmer Trade Books |
| Date of publication, distribution, etc. | 2011 |
| 300 ## - PHYSICAL DESCRIPTION | |
| Extent | xxxvi, 559p. |
| 650 ## - SUBJECT ADDED ENTRY--TOPICAL TERM | |
| Topical term or geographic name as entry element | Music Trade |
| 650 ## - SUBJECT ADDED ENTRY--TOPICAL TERM | |
| Topical term or geographic name as entry element | Music economic aspects |
| 700 ## - ADDED ENTRY--PERSONAL NAME | |
| Personal name | Todd Brabec |
| 942 ## - ADDED ENTRY ELEMENTS (KOHA) | |
| Source of classification or shelving scheme | Library of Congress Classification |
| Koha item type | General Collection |
| Withdrawn status | Lost status | Source of classification or shelving scheme | Not for loan | Home library | Current library | Shelving location | Date acquired | Cost, normal purchase price | Total Checkouts | Total Renewals | Full call number | Barcode | Date last seen | Date last checked out | Price effective from | Koha item type |
|---|---|---|---|---|---|---|---|---|---|---|---|---|---|---|---|---|
| Library of Congress Classification | Kabarak, Main Campus | Kabarak, Main Campus | General Stacks | 17/03/2016 | 6091.00 | 4 | 1 | ML3790 .B72 2011 c.1 | 026146 | 19/09/2024 | 22/02/2024 | 17/03/2016 | General Collection |